Statistiques concernant Tables de multiplication aléatoires (Normal)

Cliquez ici pour prendre le quiz!

Statistiques générales

  • Ce quiz a été pris 857 fois
  • Le résultat moyen est 18 sur 20

Statistiques - réponses

HintRéponse% Correct
6 x 424
98%
8 x 540
97%
4 x 312
96%
5 x 840
96%
6 x 954
96%
3 x 39
96%
5 x 315
95%
9 x 981
95%
3 x 515
94%
4 x 416
94%
6 x 318
94%
4 x 520
94%
5 x 630
94%
6 x 530
94%
9 x 436
94%
6 x 742
94%
5 x 945
94%
5 x 420
93%
8 x 324
93%
5 x 525
93%
7 x 642
93%
8 x 756
93%
3 x 412
92%
3 x 618
92%
7 x 321
92%
3 x 721
92%
3 x 927
92%
9 x 327
92%
4 x 832
92%
7 x 535
92%
9 x 545
92%
8 x 972
92%
3 x 824
91%
7 x 428
91%
8 x 432
91%
6 x 636
91%
7 x 749
91%
7 x 856
91%
4 x 624
90%
4 x 728
89%
5 x 735
89%
4 x 936
89%
9 x 654
88%
9 x 763
88%
8 x 864
88%
6 x 848
87%
8 x 648
86%
9 x 872
86%
7 x 963
83%

Distribution des résultats

Percentile par nombre de réponses

% des personnes avec chaque résultat

Votre développement - résultats

Vous n’avez pas pris ce quiz